LEADER 03789nam 22004693u 450 001 9910132486803321 005 20210113190419.0 010 $a1-118-86386-0 010 $a1-118-86384-4 035 $a(CKB)3580000000001304 035 $a(EBL)1641462 035 $a(OCoLC)871225521 035 $a(MiAaPQ)EBC1641462 035 $a(PPN)190420863 035 $a(EXLCZ)993580000000001304 100 $a20151005d2014|||| u|| | 101 0 $aeng 135 $aur|n|---||||| 200 10$aNoise Control$b[electronic resource] 210 $aSomerset $cWiley$d2014 215 $a1 online resource (231 p.) 300 $aDescription based upon print version of record. 327 $a""Cover""; ""Title Page""; ""Copyright Page""; ""Contents""; ""Section 1: Noise basics""; ""1.1 Introduction""; ""1.2 The nature of sound""; ""1.2.1 Frequency and wavelength""; ""1.2.2 Speed""; ""1.3 Power, pressure and intensity""; ""1.4 The decibel and weighting""; ""1.4.1 Frequency response""; ""1.4.2 A-weighting""; ""1.5 Adding sound levels""; ""A word about accuracy""; ""1.6 Summary""; ""Section 2: Analysing sounds""; ""2.1 Introduction""; ""2.2 Analysing steady sounds""; ""2.2.1 Reference frequency and A-weighting""; ""2.2.2 Frequency spectrum""; ""2.3 Point sources and line sources"" 327 $a""Point sources""""Line sources""; ""2.4 Directionality""; ""2.5 Sound power level""; ""Calculating the sound power level""; ""2.6 Sound in rooms: reverberation and absorption""; ""2.6.1 The room constant""; ""2.6.2 Estimating the room constant""; ""2.7 Analysing unsteady sounds""; ""2.7.1 Equivalent continuous level""; ""2.7.2 Sound exposure level""; ""2.7.3 Percentile levels""; ""2.8 Summary""; ""Section 3: Outdoor sound""; ""3.1 Introduction""; ""3.2 Geometric divergence (Adiv)""; ""3.3 Atmospheric absorption (Aatm)""; ""3.4 Ground absorption (Aground)""; ""3.5 Barriers (Abar)"" 327 $a""3.6 Other factors""""3.6.1 Atmospheric refraction (Arefr)""; ""3.6.2 Reflections from vertical surfaces (Arefl)""; ""3.6.3 Meteorological correction (Cmet)""; ""3.6.4 Further factors and limitations""; ""3.7 Transport noise""; ""3.7.1 Road""; ""3.7.2 Rail""; ""3.7.3 Air""; ""3.8 Summary""; ""Section 4: Noise control at source""; ""4.1 Introduction""; ""4.2 Choosing which source to control""; ""4.3 Control of noise by design or choice of process""; ""4.4 Isolating structure-borne vibration""; ""4.5 Enclosures""; ""4.6 Frequency dependence of noise reduction""; ""4.7 Summary"" 327 $a""Section 5: Control between source and receiver""""5.1 Introduction""; ""5.2 Active noise control""; ""Feedback and feedforward""; ""5.3 Indirect sound paths""; ""5.4 Absorption and absorbing materials""; ""5.4.1 Porous absorbers""; ""5.4.2 Panel absorbers""; ""5.4.3 Calculating the effect of absorbing materials""; ""5.4.4 Further uses of sound absorption""; ""5.5 Barriers""; ""5.5.1 Diffraction""; ""5.5.2 Use of barriers""; ""5.6 Summary""; ""Section 6: Control at the receiver""; ""6.1 Introduction""; ""6.2 Sound insulation of dwellings""; ""6.2.1 Effect of low-insulation areas"" 327 $a""6.2.2 Improving insulation""""6.3 Ear protection""; ""6.4 Summary""; ""Glossary""; ""References""; ""Acknowledgements""; ""Answer ""; ""Description"" 606 $aNoise control -- Law and legislation 606 $aNoise control -- Technological innovations 606 $aNoise spectrum 615 4$aNoise control -- Law and legislation. 615 4$aNoise control -- Technological innovations. 615 4$aNoise spectrum. 676 $a614.78 700 $aTaherzadeh$b Shahram$0876577 801 0$bAU-PeEL 801 1$bAU-PeEL 801 2$bAU-PeEL 906 $aBOOK 912 $a9910132486803321 996 $aNoise Control$92262974 997 $aUNINA LEADER 03531nam 2200613 a 450 001 9910781722603321 005 20230213212142.0 010 $a1-283-31435-5 010 $a9786613314352 010 $a90-272-8100-9 035 $a(CKB)2550000000049924 035 $a(EBL)784279 035 $a(OCoLC)756484589 035 $a(SSID)ssj0000554744 035 $a(PQKBManifestationID)11364352 035 $a(PQKBTitleCode)TC0000554744 035 $a(PQKBWorkID)10517005 035 $a(PQKB)11619554 035 $a(MiAaPQ)EBC784279 035 $a(Au-PeEL)EBL784279 035 $a(CaPaEBR)ebr10509593 035 $a(EXLCZ)992550000000049924 100 $a19820106d1980 uy 0 101 0 $aeng 135 $aur|n|---||||| 181 $ctxt 182 $cc 183 $acr 200 10$aFirst person singular$b[electronic resource] $epapers from the Conference on an Oral Archive for the History of American Linguistics (Charlotte, N.C., 9-10 March 1979) /$fedited by Boyd H. Davis and Raymond K. O'Cain 210 $aAmsterdam $cJ. Benjamins$d1980 215 $a1 online resource (253 p.) 225 1 $aAmsterdam studies in the theory and history of linguistic science. Series III, Studies in the history of linguistics,$x0304-0720 ;$vv. 21 300 $aDescription based upon print version of record. 311 $a90-272-4502-9 320 $aIncludes bibliographical references and index. 327 $aFIRST PERSON SINGULAR; Editorial page; Title page; Copyright page; ACKNOWLEDGEMENTS; ABBREVIATIONS; Table of contents; FOREWORD; LINGUISTICS, THROUGH THE KITCHEN DOOR; A RECONSTRUCTION; THE TALE OF A THEORETICAL AND APPLIED LINGUISTIC PSYCHOLOGIST; ON BECOMING AND BEING A LINGUIST; HOW MANY REVOLUTIONS CAN A LINGUIST LIVE THROUGH?; AUTOBIOGRAPHIC SKETCH: EARLY YEARS IN AMERICA; PRESERVING THE HERITAGE; A REPORT FOR THE ARCHIVES OF LINGUISTICS; AMERICAN LINGUISTICS: A WESTERN VIEW; ON THE MAKING OF A LINGUIST; INDO-EUROPEAN STUDIES:""VOILA?, C'EST LA DIFFICULTE?""; MY WORK IN THE LANGUAGE FIELD 327 $aA LIFETIME IN APPLIED LINGUISTICS SOME THOUGHTS; LINGUISTICS AT WISCONSIN (1937-41) AND AT TEXAS (1949- ): A RETROSPECTIVE REVIEW; A SKETCH OF HOW I CAME TO BE IN LINGUISTICS; IN FIVE-YEAR PATTERNS; MASTER LIST OF REFERENCES; INDEX OF PERSONS 330 $aThis volume consists of autobiographical by the following scholars, together with pictures and autographs: Raven I. McDavid, Jr., Henry M. Hoenigswald, John B. Carroll, William G. Moulton, Archibald A. Hill, Yakov Malkiel, Charles F. Hockett, Harold B. Allen, William Bright, Einar Haugen, George S. Lane, Frederic G. Cassidy, James B. McMillan, Winfred P. Lehmann, Fred W. Householder, and Dell Hymes. A master list of references, and an index of persons conclude the volume. 410 0$aAmsterdam studies in the theory and history of linguistic science.$nSeries III,$pStudies in the history of linguistics ;$vv. 21. 606 $aLinguistics$zUnited States$xHistory$y20th century$vCongresses 606 $aLinguistics$zUnited States$xBiography$vCongresses 615 0$aLinguistics$xHistory 615 0$aLinguistics$xBiography 676 $a410.973 701 $aDavis$b Boyd H$01503670 701 $aO'Cain$b Raymond K$01553535 712 12$aConference on an Oral Archive for the History of American Linguistics 801 0$bMiAaPQ 801 1$bMiAaPQ 801 2$bMiAaPQ 906 $aBOOK 912 $a9910781722603321 996 $aFirst person singular$93814153 997 $aUNINA